00745nam a2200193 a 450000100100000000500170001000800410002704000250006808200140009324500990010724600140020626000690022030000210028949000690031049000370037970000280041683000380044483000690048200004556120250924073803.0110406s1978 dr 000 0 spa d aDO-SdBNPbspacBNPHU axxxbxxxx00aCentro de Estudios de la Realidad Social Dominicana (CERESD) : /cintroducción Luis Gómez.1 aCERESD II aSanto Domingo :bUniversidad Autónoma de Santo Domingo,c1978. a147 p. ;c22 cm.1 aPublicaciones de la Universidad Autónoma de Santo Domingov2521 aUniversidad y planificaciónv41 aGómez, Luis,dintrod. 0aUniversidad y planificación.n4 aPublicaciones de la Universidad Autónoma de Santo Domingov252